Analýza hospodárskych politík na zníženie spotreby igelitových tašiek na Slovensku

Európska únia v roku 2015 zaviedla smernicu na obmedzenie extrémne vysokej spotreby jednorazových plastových tašiek. Vláda SR reagovala schválením novely zákona, ktorá s účinnosťou od 1. januára 2019 zakazuje bezplatnú distribúciu plastových tašiek. Článok ponúka analýzu dvoch možností navrhovaného...

ver descrição completa

Na minha lista:
Detalhes bibliográficos
Autor principal: Karelová, Klaudia
Formato: Capítulo de Livro
Idioma:eslovaco
Assuntos:
Tags: Adicionar Tag
Sem tags, seja o primeiro a adicionar uma tag!

MARC

LEADER 00000nla a2200000 4500
001 0241525
005 20240502073931.9
041 0 |a slo 
044 |a SK 
245 1 0 |a Analýza hospodárskych politík na zníženie spotreby igelitových tašiek na Slovensku  |c Klaudia Karelová 
520 |a Európska únia v roku 2015 zaviedla smernicu na obmedzenie extrémne vysokej spotreby jednorazových plastových tašiek. Vláda SR reagovala schválením novely zákona, ktorá s účinnosťou od 1. januára 2019 zakazuje bezplatnú distribúciu plastových tašiek. Článok ponúka analýzu dvoch možností navrhovaného zákazu. Po zohľadnení výsledkov výskumu autorka článku preferuje 1. alternatívu, kde sú všetky firmy zaradené do mechanizmu, nakoľko poskytuje väčší prospech pre verejnosť ako 2. alternatíva novely. 
610 2 0 |a plasty 
610 2 0 |a spotreba 
610 2 0 |a prostredie životné 
610 2 0 |a ochrana prostredia životného 
610 2 0 |a legislatíva 
610 2 0 |a smernice 
610 2 0 |a politika hospodárska 
610 2 0 |a Európska únia 
610 2 0 |a Slovensko 
100 1 |a Karelová, Klaudia